Das ALF-Quiz - Statistiken

Allgemein
  • Dieses Quiz wurde 174 mal gespielt
  • Das Durchschnittsergebnis liegt bei 9 aus 18
Antwortstatistiken
Frage Antwort % Korrekt
Von welchem Planeten kommt ALF? Melmac
90%
Wofür steht die Abkürzung "ALF"? Außerirdische Lebensform
88%
In welchen Teil des Hauses der Tanners stürzt ALFs Raumschiff ab? Garage
81%
Ein bekannter Ausspruch von ALF lautet: "Null ________" Problemo
76%
Wie heißt der Kater der Tanners, den ALF äußerst appetitlich findet? Lucky
65%
Wer war der deutsche Synchronsprecher von ALF? Tommi {Piper}
56%
Wie heißt ALF mit "bürgerlichem" Namen? Gordon Shumway
55%
In einem Vorort welcher amerikanischen Stadt leben die Tanners? Los Angeles
41%
Wie hieß ALFs Freundin auf seinem Heimatplaneten? Rhonda
40%
Was für ein Auto kauft ALF für Lynn und macht damit selbst eine Spritztour? Ferrari
39%
Welches Tier aus ALFs Raumschiff wird durch Insektenspray immer größer und vertreibt die Familie aus ihrem Haus? Kakerlake
39%
Wie heißten die neugierigen und nervigen Nachbarn Trevor und Raquel mit Nachnamen? Ochmonek
38%
Wie heißt der Neffe der Nachbarn der Tanners, der eine der wenigen Personen ist, die von ALF wissen? Jake
34%
Nach einem Stromschlag in der Badewanne verliert ALF sein Gedächtnis und hält sich für den Versicherungsvertreter Wayne ________ ? Schlegel
31%
Wie heißt Kates Mutter, die eine Hassliebe mit ALF verbindet? Dorothy
28%
Wie heißt das am Ende von Staffel 3 geborene dritte Kind der Tanners? Eric
28%
Welcher Alf schrieb die Musik zur Serie? Alf {Clausen}
19%
Zitat: "Ich hab schon mal den Grill angezündet. Am geilsten brennen die _____!" R{äder}
17%
Keine übereinstimmenden Quizze gefunden
Verteilung der Resultate
Anzahl Personen mit jedem Resultat
Perzentil nach korrekt beantworteten Fragen
Ihre Resultats-Entwicklung
Sie haben dieses Quiz noch nicht gespielt